General Knowledge #15 - Statistics

General Stats
  • This quiz has been taken 45 times
    24 since last reset
  • The average score is 11 of 15
Answer Stats
Hint Answer % Correct
Which planet in our solar system is known as The Red Planet? Mars
95%
Which city serves as the capital of the United States of America? Washington D.C
95%
What is the longest river in South America? Amazon
90%
Frankfurter sausages derive their name from a city in which country? Germany
90%
Bono is the lead vocalist and primary lyricist of which rock band? U2
90%
Which superheroine has been played by Lynda Carter and Gal Gadot? Wonder Woman
90%
Which date only occurs once every four years in the Gregorian calendar? 29th February
85%
How many events are there in a Heptathlon contest? Seven
85%
The 1847 work Wuthering Heights which English writer’s only novel? Emily Brontë
75%
Which musical instrument appears on the coat of arms of Ireland? Harp
65%
In 2014, which Pakistani teen became the youngest Nobel Peace Prize recipient to date? Malala Yousafzai
50%
Who co-wrote the 1985 charity song ‘We Are The World’ with Lionel Ritchie? Michael Jackson
50%
The Shawshank Redemption is a film based on a novella by which author? Stephen King
45%
What name is given to a female seal? Cow
35%
In 1997 which computer was the first to beat a human champion at chess? Deep Blue
20%
No matching quizzes found
Score Distribution
Percent of People with Each Score
Percentile by Number Answered
Your Score History
You have not taken this quiz since the last reset